000 00375cam a2200157ua 4500
020 _a9780070701403
082 _a532
_bSTR/FL
100 _aStreeter, Victor.L .
245 _aFluid Mechanics /
250 _a9
260 _aNew Delhi
_bTata Mc Graw Hill Book Company ,
_c2012
300 _a740
700 1 _aWylie,Benjamin E.
700 1 _aBedford, Keith W
942 _cBK
999 _c1678
_d1678